Official Wales County Flags - Type - Statistics

General Stats
  • This quiz has been taken 14 times
  • The average score is 6 of 9
Answer Stats
Picture Answer % Correct
Pembrokeshire
89%
Flintshire
78%
Glamorgan
78%
Anglesey
67%
Ceredigion (Cardiganshire)
67%
Merionethshire
67%
Brecknockshire
56%
Caernarfonshire
56%
Monmouthshire
56%
No matching quizzes found
Score Distribution
Percent of People with Each Score
Percentile by Number Answered
Your Score History
You have not taken this quiz